325 câu hỏi và trả lời về luật bóng đá

Salvato in:
Dettagli Bibliografici
Natura: Libro
Lingua:Undetermined
Pubblicazione: Hà Nội TDTT 1977
Soggetti:
Tags: Aggiungi Tag
Nessun Tag, puoi essere il primo ad aggiungerne! !
Thư viện lưu trữ: Trung tâm Học liệu Trường Đại học Cần Thơ
LEADER 00441nam a2200157Ia 4500
001 CTU_9929
008 210402s9999 xx 000 0 und d
082 |a 796.332 
082 |b B100 
245 0 |a 325 câu hỏi và trả lời về luật bóng đá 
260 |a Hà Nội 
260 |b TDTT 
260 |c 1977 
650 |a football - rules 
904 |i Minh, 961002 
980 |a Trung tâm Học liệu Trường Đại học Cần Thơ